La doctrina del Sainte-Victoire / (Record no. 78096)

MARC details
000 -LEADER
campo de control de longitud fija 00688nam a2200241 i 4500
001 - NÚMERO DE CONTROL
campo de control 78096
003 - IDENTIFICADOR DE NÚMERO DE CONTROL
campo de control ES-MaACL
005 - FECHA Y HORA DE LA ÚLTIMA TRANSACCIÓN
campo de control 20250813062715.0
007 - CAMPO FIJO DE DESCRIPCIÓN FÍSICA--INFORMACIÓN GENERAL
campo de control de longitud fija t|
008 - DATOS DE LONGITUD FIJA--INFORMACIÓN GENERAL
campo de control de longitud fija 041011s1985 sp ||||0| spa d
020 ## - NÚMERO INTERNACIONAL ESTÁNDAR DEL LIBRO
Número Internacional Estándar del Libro 84-206-3169-9
040 ## - FUENTE DE CATALOGACIÓN
Centro catalogador/agencia de origen M-BN
Lengua de catalogación spa
Centro/agencia transcriptor M-BN
100 1# - ENTRADA PRINCIPAL--NOMBRE DE PERSONA
Nombre de persona Handke, Peter.
9 (RLIN) 61717
245 13 - MENCIÓN DEL TÍTULO
Título La doctrina del Sainte-Victoire /
Mención de responsabilidad, etc. Peter Handke ; traductor, Eustaquio Barjau.
260 ## - PUBLICACIÓN, DISTRIBUCIÓN, ETC.
Lugar de publicación, distribución, etc. Madrid :
Nombre del editor, distribuidor, etc. Alianza,
Fecha de publicación, distribución, etc. [1985]
300 ## - DESCRIPCIÓN FÍSICA
Extensión 110 p. ;
Dimensiones 20 cm.
490 1# - MENCIÓN DE SERIE
Mención de serie Alianza tres ;
Designación de volumen o secuencia 163
700 1# - ENTRADA AGREGADA--NOMBRE PERSONAL
Nombre de persona Barjau, Eustaquio.
9 (RLIN) 25665
830 00 - PUNTO DE ACCESO ADICIONAL DE SERIE-TÍTULO UNIFORME
Título uniforme Alianza tres
Designación de volumen o secuencia 163
9 (RLIN) 177344
852 ## - LOCALIZACIÓN
Ubicación ES-MaACL
Número de control de estantería L-11144
Sublocalización o colección R.111144
Holdings
Estatus retirado Estado de pérdida Estado de daño No para préstamo Biblioteca de origen Biblioteca actual Ubicación en estantería Fecha de adquisición Fuente de adquisición Total de préstamos Signatura topográfica completa Código de barras Visto por última vez Precio de reemplazo Tipo de ítem Koha
        Biblioteca del Ateneo de Madrid Biblioteca del Ateneo de Madrid Depósito 2 17/01/2008     L-11144 1081698 23/02/2023 23/02/2023 Libro impreso